Movies Quiz

Random Movies or Role Quiz
Score 0/37 Timer 07:00
9 Plays Today
% Correct
Indiana Jones
90.2%
Edward Scissorhands
89%
Forrest Gump
88%
James Bond
87.6%
Wolverine
87.3%
Gandalf
83.4%
Ferris Bueller
83%
Neo
82.3%
Jerry Maguire
82.2%
Danny Zuko
80.5%
Clarice Starling
78.9%
Maximus
78.3%
Michael Corleone
77.4%
Bella Swan
76.9%
Sister Mary Clarence
75.6%
Oskar Schindler
70.8%
Thelma
67.4%
Andy Dufresne
66.9%
Black Widow
62.9%
% Correct
Morticia Addams
62.6%
Michael Clayton
62.2%
Patrick Bateman
58.3%
Lester Burnham
53%
Vivian Ward
47.4%
Sam Wheat
43.4%
Jake Sully
42.4%
Sidney Prescott
40.9%
Edward Lewis
40.6%
Maggie Fitzgerald
39.8%
Ennis Del Mar
35.7%
Ren McCormack
35.5%
Tiffany Maxwell
28.1%
Maggie (Amber Waves)
24.7%
Nomi Malone
23%
Maya
16.9%
Leticia Musgrove
15.7%
Mrs. Weiss
13.1%
Remove Ads.
Support Sporcle.
Get the best of Sporcle when you Go Orange. This ad-free experience offers more features, more stats, and more fun while also helping to support Sporcle. Thank you for becoming a member.

You're not logged in!

Compare scores with friends on all Sporcle quizzes.
OR
Log In

Show Comments

Extras

Top Quizzes Today


Score Distribution

Your Account Isn't Verified!

In order to create a playlist on Sporcle, you need to verify the email address you used during registration. Go to your Sporcle Settings to finish the process.

Report this User

Report this user for behavior that violates our Community Guidelines.

Details: